| 000 -LEADER |
| fixed length control field |
00877nam a2200217Ia 4500 |
| 001 - CONTROL NUMBER |
| control field |
16941 |
| 003 - CONTROL NUMBER IDENTIFIER |
| control field |
GE_BSU |
| 008 - FIXED-LENGTH DATA ELEMENTS--GENERAL INFORMATION |
| fixed length control field |
181216s||||||||xx |||||||||||||| ||und|| |
| 040 ## - CATALOGING SOURCE |
| Transcribing agency |
GE_BSU |
| 080 ## - UNIVERSAL DECIMAL CLASSIFICATION NUMBER |
| Universal Decimal Classification number |
821.353.1 |
| 100 ## - MAIN ENTRY--PERSONAL NAME |
| Personal name |
გრიშაშვილი, იოსებ (1889-1965) |
| 245 ## - TITLE STATEMENT |
| Title |
თხზულებათა კრებული : 5 ტომად. ტ. 4 : ლიტერატურული ნარკვევები. |
| 245 ## - TITLE STATEMENT |
| Statement of responsibility, etc. |
რედ.ვ.ჯავახაძე |
| 260 ## - PUBLICATION, DISTRIBUTION, ETC. |
| Place of publication, distribution, etc. |
თბილისი |
| 260 ## - PUBLICATION, DISTRIBUTION, ETC. |
| Name of publisher, distributor, etc. |
საბჭ. საქართველო |
| 260 ## - PUBLICATION, DISTRIBUTION, ETC. |
| Date of publication, distribution, etc. |
1964 |
| 300 ## - PHYSICAL DESCRIPTION |
| Extent |
410 გვ.23 სმ. |
| 653 ## - INDEX TERM--UNCONTROLLED |
| Uncontrolled term |
ლიტერატურული ნარკვევები |
| 653 ## - INDEX TERM--UNCONTROLLED |
| Uncontrolled term |
ქართული ლიტერატურის ისტორია და კრიტიკა |
| 942 ## - ADDED ENTRY ELEMENTS (KOHA) |
| Koha item type |
წიგნი |